000 00492nam a22001937a 4500
003 LC
005 20160310145426.0
008 121115t xxu||||| |||| 00| 0 eng d
020 _a0722141319
050 _aPS 3557.U844
_b.G983 1981
082 _aFIC
_bG98s 1981
100 _aGutcheon, Beth
_918345
245 _aStill missing
_cBeth Gutcheon
260 _aGreat Britain.
_bSphere Books Ltd.
_cc1981.
300 _g17 cm
_a255 p.
521 _aGrade 10
942 _2lcc
_cBK
999 _c1180
_d1180